Legislatívne zmeny v samospráve za rok 2023
V pokračovaní tohto seriálu o legislatívnych zmenách v samospráve za rok 2023 autor prináša prehľad zmien, ktoré sa týkajú školstva, prístupu k informáciám, odpadov, územnoplánovacej dokumentácie či dobrovoľníctva.
Na minha lista:
| Autor principal: | |
|---|---|
| Formato: | Capítulo de Livro |
| Idioma: | eslovaco |
| Assuntos: | |
| Tags: |
Sem tags, seja o primeiro a adicionar uma tag!
|
MARC
| LEADER | 00000naa a2200000 4500 | ||
|---|---|---|---|
| 001 | 0298803 | ||
| 005 | 20240417075300.4 | ||
| 041 | 0 | |a slo | |
| 044 | |a SK | ||
| 245 | 1 | 0 | |a Legislatívne zmeny v samospráve za rok 2023 |c Anton Ukropec |
| 520 | |a V pokračovaní tohto seriálu o legislatívnych zmenách v samospráve za rok 2023 autor prináša prehľad zmien, ktoré sa týkajú školstva, prístupu k informáciám, odpadov, územnoplánovacej dokumentácie či dobrovoľníctva. | ||
| 610 | 2 | 0 | |a legislatíva |
| 610 | 2 | 0 | |a novelizácia |
| 610 | 2 | 0 | |a samospráva |
| 610 | 2 | 0 | |a školstvo |
| 610 | 2 | 0 | |a informácie |
| 610 | 2 | 0 | |a odpad |
| 610 | 2 | 0 | |a plánovanie územné |
| 610 | 2 | 0 | |a dobrovoľníctvo |
| 100 | 1 | |a Ukropec, Anton | |